Testovanie náhodnosti

Gespeichert in:
Bibliographische Detailangaben
1. Verfasser: Dulovič, Martin (Verfasst von)
Weitere Verfasser: Sýs, Marek (Betreuung Doktorarbeit)
Format: Manuskript Buch
Sprache:Slowakisch
Veröffentlicht: 2015
Schlagworte:
Online-Zugang:http://is.stuba.sk/zp/portal_zp.pl?podrobnosti=102743
Tags: Tag hinzufügen
Keine Tags, Fügen Sie das erste Tag hinzu!

MARC

LEADER 00000ntm a22000003a 4500
001 stuzp50017
003 SK-STU
005 20160719153433.1
007 ta
008 150427s2015----xo-----f-mn---000-0-slo-d
040 |a STU  |b slo 
041 0 |a slo 
100 1 |a Dulovič, Martin  |u 035000  |4 aut  |U FEI Fakulta elektrotechniky a informatiky  |T FEI Ústav informatiky a matematiky  |X 5798  |U E050  |Y 816  |7 5798 
242 0 1 |a Testing randomness  |y eng 
245 1 0 |a Testovanie náhodnosti 
260 |c 2015 
300 |a 34 s.  |b DVD 
650 4 |a hypotéza  |2 slo 
650 4 |a dáta  |2 slo 
650 4 |a náhodnosť  |2 slo 
650 4 |a testovanie  |2 slo 
650 4 |a testing  |2 eng 
650 4 |a hypothesis  |2 eng 
650 4 |a data  |2 eng 
650 4 |a randomness  |2 eng 
700 1 |a Sýs, Marek  |4 ths  |X 42580  |7 A000042580 
856 4 |u http://is.stuba.sk/zp/portal_zp.pl?podrobnosti=102743 
996 |b 284ER01908  |c E*Bc- 1908  |l EE35  |s P  |a 0  |w stuzp50017_0001 
SQL |a stuzp50017  |b DBP  |c SLO  |d Testovanie náhodnosti  |e 5798  |f Dulovič, Martin  |g 035000  |h 42580  |i Sýs, Marek  |j 20150706  |k 73  |l 03  |m http://is.stuba.sk/zp/portal_zp.pl?podrobnosti=102743  |n B-API  |o 9.2.9. aplikovaná informatika